A citricultura paulista em números: um perfil do setor citrícola (Registro n. 299606)
[ somente texto ]
| 000 -LÍDER | |
|---|---|
| fixed length control field | 00958nab a2200289 4500 |
| 003 - CÓDIGO MARC DA AGÊNCIA CATALOGADORA | |
| Campo de controle | BR-BrBNA |
| 005 - DATA E HORA DA ÚLTIMA ATUALIZAÇÃO | |
| Campo de controle | 20240515113604.0 |
| 008 - CAMPO DE TAMANHO FIXO | |
| fixed length control field | 240515b bl.||||| |||| 00| 0 por d |
| 040 ## - FONTE DA CATALOGAÇÃO | |
| Agência catalogadora | BR-BrBNA |
| Idioma da catalogação | por |
| 072 ## - CATEGORIA AGRIS | |
| Código AGRIS | F01 ; E21 |
| 100 ## - ENTRADA PRINCIPAL - NOME PESSOAL | |
| Nome pessoal | Lopes, Frederico Fonseca |
| 100 ## - ENTRADA PRINCIPAL - NOME PESSOAL | |
| Nome pessoal | Trombin, Vinícius Gustavo |
| 100 ## - ENTRADA PRINCIPAL - NOME PESSOAL | |
| Nome pessoal | Neves, Marcos Fava |
| 245 ## - TÍTULO PRINCIPAL | |
| Título principal | A citricultura paulista em números: um perfil do setor citrícola |
| 500 ## - NOTA GERAL | |
| Nota geral | 8 illus.; 1 table |
| 942 ## - ADDED ENTRY ELEMENTS (KOHA) | |
| Koha item type | |
| 650 ## - ASSUNTO - THESAGRO | |
| Cabeçalho tópico ou nome geográfico | CITRICULTURA |
| 650 ## - ASSUNTO - THESAGRO | |
| Cabeçalho tópico ou nome geográfico | SUCO DE LARANJA |
| 650 ## - ASSUNTO - THESAGRO | |
| Cabeçalho tópico ou nome geográfico | PROCESSAMENTO |
| 650 ## - ASSUNTO - THESAGRO | |
| Cabeçalho tópico ou nome geográfico | AGROINDÚSTRIA |
| 650 ## - ASSUNTO - THESAGRO | |
| Cabeçalho tópico ou nome geográfico | DENSIDADE DE PLANTIO |
| 650 ## - ASSUNTO - THESAGRO | |
| Cabeçalho tópico ou nome geográfico | PRODUTIVIDADE |
| 650 ## - ASSUNTO - THESAGRO | |
| Cabeçalho tópico ou nome geográfico | PRODUÇÃO |
| 650 ## - ASSUNTO - THESAGRO | |
| Cabeçalho tópico ou nome geográfico | SÃO PAULO |
| 773 0# - ENTRADA ANALÍTICA | |
| Host Biblionumber | 4769 |
| Registro do item | 314634 |
| Imprenta | Bebedouro - SP Grupo Técnico de Assistência e Consultoria em Citrus 2001 |
| Outro identificador | 2024-0886 |
| Título | Ciência e Pratica (Brazil) |
| Colação | v. 7(27) p. 5-9; (Oct-Dec 2007) |
| Número de controle de registro | BR2024001177 |
Nenhum exemplar disponível.

BINAGRI